Statistiques concernant Logo voiture #1

Cliquez ici pour prendre le quiz!

Statistiques générales

  • Ce quiz a été pris 471 fois
  • Le résultat moyen est 14 sur 18

Statistiques - réponses

Réponse% Correct
Citroen
98%
Honda
97%
Mercedes
97%
Tesla
97%
Chevrolet
95%
Skoda
93%
Bentley
91%
Seat
90%
Jaguar
83%
Mitsubishi
79%
Hyundai
77%
Maserati
76%
Smart
76%
Cupra
71%
Subaru
71%
Cadillac
66%
Infiniti
49%
Acura
29%

Distribution des résultats

Percentile par nombre de réponses

% des personnes avec chaque résultat

Votre développement - résultats

Vous n’avez pas pris ce quiz